Guess the City by the Selfie - Statistics

General Stats
  • This quiz has been taken 1,191 times
  • The average score is 13 of 16
Answer Stats
Picture Answer % Correct
Sydney
99%
Athens
97%
Rio De Janeiro
96%
San Francisco | California
95%
Washington D.C.
95%
Paris
93%
Dubai
89%
Berlin
88%
Barcelona
86%
Rome
85%
Copenhagen
78%
Toronto
76%
Istanbul
75%
Saint Louis | Missouri
68%
Brussels
58%
Keystone | South Dakota
27%
No matching quizzes found
Score Distribution
Percent of People with Each Score
Percentile by Number Answered
Your Score History
You have not taken this quiz